[Event "Poznan Chess Festival"]
[Site "chess24.com"]
[Date "2021.08.17"]
[Round "4"]
[White "Korzeniewski, Lucjan"]
[Black "Zarzycki, Lukasz"]
[Result "1/2-1/2"]
[Board "28"]
[WhiteElo "1203"]
[WhiteCountry "POL"]
[WhiteFideId "21097950"]
[WhiteEloChange "7"]
[BlackElo "1494"]
[BlackCountry "POL"]
[BlackFideId "21843511"]
[BlackEloChange "-7"]

1. d4 {[%clk 1:30:30]} Nf6 {[%clk 1:30:30]} 2. c4 {[%clk 1:30:30]} e6 {[%clk
1:30:30]} 3. Nc3 {[%clk 1:30:30]} Bb4 {[%clk 1:30:30]} 4. a3 {[%clk 1:30:30]}
Bxc3+ {[%clk 1:30:30]} 5. bxc3 {[%clk 1:30:30]} c5 {[%clk 1:30:30]} 6. Bg5 {[%clk
1:30:30]} Qa5 {[%clk 1:30:30]} 7. Bd2 {[%clk 1:30:30]} O-O {[%clk 1:30:30]} 8.
Nf3 {[%clk 1:30:30]} Nc6 {[%clk 1:30:30]} 9. d5 {[%clk 1:30:30]} Ne7 {[%clk
1:30:30]} 10. e3 {[%clk 1:30:30]} Ne4 {[%clk 1:30:30]} 11. dxe6 {[%clk 1:30:30]}
dxe6 {[%clk 1:30:30]} 12. Bd3 {[%clk 1:30:30]} Nxd2 {[%clk 1:30:30]} 13. Qxd2
{[%clk 1:30:30]} Rd8 {[%clk 1:30:30]} 14. Qc2 {[%clk 1:30:30]} h6 {[%clk
1:30:30]} 15. O-O {[%clk 1:30:30]} Bd7 {[%clk 1:30:30]} 16. Bh7+ {[%clk 1:30:30]}
Kf8 {[%clk 1:30:30]} 17. Be4 {[%clk 1:30:30]} Ba4 {[%clk 1:30:30]} 18. Qb2 {[%clk
1:30:30]} Nc6 {[%clk 1:30:30]} 19. Bc2 {[%clk 1:30:30]} Bxc2 {[%clk 1:30:30]} 20.
Qxc2 {[%clk 1:30:30]} Qc7 {[%clk 1:30:30]} 21. Rfd1 {[%clk 1:30:30]} Ne5 {[%clk
1:30:30]} 22. Qe4 {[%clk 1:30:30]} Nxf3+ {[%clk 1:30:30]} 23. Qxf3 {[%clk
1:30:30]} Rxd1+ {[%clk 1:30:30]} 24. Rxd1 {[%clk 1:30:30]} Rd8 {[%clk 1:30:30]}
25. Rxd8+ {[%clk 1:30:30]} Qxd8 {[%clk 1:30:30]} 26. g3 {[%clk 1:30:30]} Qe7
{[%clk 1:30:30]} 27. Qe4 {[%clk 1:30:30]} g6 {[%clk 1:30:30]} 28. Qe5 {[%clk
1:30:30]} 1/2-1/2

[Event "Poznan Chess Festival"]
[Site "chess24.com"]
[Date "2021.08.17"]
[Round "4"]
[White "Nowak, Bartlomiej"]
[Black "Grynia, Jakub"]
[Result "0-1"]
[Board "29"]
[WhiteElo "1063"]
[WhiteCountry "POL"]
[WhiteFideId "21093148"]
[WhiteEloChange "-3"]
[BlackElo "1399"]
[BlackCountry "POL"]
[BlackFideId "41802551"]
[BlackEloChange "3"]

1. d4 {[%clk 1:30:30]} Nf6 {[%clk 1:30:30]} 2. Bf4 {[%clk 1:30:30]} e6 {[%clk
1:30:30]} 3. e3 {[%clk 1:30:30]} c5 {[%clk 1:30:30]} 4. c3 {[%clk 1:30:30]} Nc6
{[%clk 1:30:30]} 5. Nf3 {[%clk 1:30:30]} d5 {[%clk 1:30:30]} 6. Bd3 {[%clk
1:30:30]} Bd6 {[%clk 1:30:30]} 7. Bxd6 {[%clk 1:30:30]} Qxd6 {[%clk 1:30:30]} 8.
O-O {[%clk 1:30:30]} O-O {[%clk 1:30:30]} 9. Nbd2 {[%clk 1:30:30]} Bd7 {[%clk
1:30:30]} 10. e4 {[%clk 1:30:30]} cxd4 {[%clk 1:30:30]} 11. cxd4 {[%clk 1:30:30]}
dxe4 {[%clk 1:30:30]} 12. Nxe4 {[%clk 1:30:30]} Nxe4 {[%clk 1:30:30]} 13. Bxe4
{[%clk 1:30:30]} Ne7 {[%clk 1:30:30]} 14. Qd2 {[%clk 1:30:30]} Bc6 {[%clk
1:30:30]} 15. Bc2 {[%clk 1:30:30]} Bxf3 {[%clk 1:30:30]} 16. Qd3 {[%clk 1:30:30]}
Ng6 {[%clk 1:30:30]} 17. Qxf3 {[%clk 1:30:30]} Qxd4 {[%clk 1:30:30]} 18. Qxb7
{[%clk 1:30:30]} Rab8 {[%clk 1:30:30]} 19. Qc7 {[%clk 1:30:30]} Rbc8 {[%clk
1:30:30]} 20. Qb7 {[%clk 1:30:30]} Rxc2 {[%clk 1:30:30]} 21. Rad1 {[%clk
1:30:30]} Qxb2 {[%clk 1:30:30]} 22. Qxa7 {[%clk 1:30:30]} Qxa2 {[%clk 1:30:30]}
23. Qd7 {[%clk 1:30:30]} Qc4 {[%clk 1:30:30]} 24. Rd4 {[%clk 1:30:30]} Qc6 {[%clk
1:30:30]} 25. Qa7 {[%clk 1:30:30]} Ra8 {[%clk 1:30:30]} 26. Qd7 {[%clk 1:30:30]}
Qxd7 {[%clk 1:30:30]} 27. Rxd7 {[%clk 1:30:30]} Rac8 {[%clk 1:30:30]} 28. Rdd1
{[%clk 1:30:30]} h6 {[%clk 1:30:30]} 29. g3 {[%clk 1:30:30]} Re8 {[%clk 1:30:30]}
30. Kg2 {[%clk 1:30:30]} Ne5 {[%clk 1:30:30]} 31. Rfe1 {[%clk 1:30:30]} Ng4
{[%clk 1:30:30]} 32. Kf3 {[%clk 1:30:30]} Nxh2+ {[%clk 1:30:30]} 33. Ke3 {[%clk
1:30:30]} Ng4+ {[%clk 1:30:30]} 34. Kf4 {[%clk 1:30:30]} Nxf2 {[%clk 1:30:30]}
35. Rd7 {[%clk 1:30:30]} Nh3+ {[%clk 1:30:30]} 36. Kf3 {[%clk 1:30:30]} Ng5+
{[%clk 1:30:30]} 37. Kg4 {[%clk 1:30:30]} Rc4+ {[%clk 1:30:30]} 38. Kh5 {[%clk
1:30:30]} Kh7 {[%clk 1:30:30]} 39. g4 {[%clk 1:30:30]} g6+ {[%clk 1:30:30]} 40.
Kh4 {[%clk 1:30:30]} Nf3+ {[%clk 1:30:30]} 41. Kg3 {[%clk 1:30:30]} Nxe1 {[%clk
1:30:30]} 42. Rxf7+ {[%clk 1:30:30]} Kg8 {[%clk 1:30:30]} 43. Rf6 {[%clk
1:30:30]} Kg7 {[%clk 1:30:30]} 44. Rf1 {[%clk 1:30:30]} Rc3+ {[%clk 1:30:30]} 45.
Kh2 {[%clk 1:30:30]} Nf3+ {[%clk 1:30:30]} 46. Kg2 {[%clk 1:30:30]} Rf8 {[%clk
1:30:30]} 47. Rh1 {[%clk 1:30:30]} Ne5 {[%clk 1:30:30]} 48. g5 {[%clk 1:30:30]}
hxg5 {[%clk 1:30:30]} 49. Re1 {[%clk 1:30:30]} Ng4 {[%clk 1:30:30]} 50. Kg1
{[%clk 1:30:30]} Rg3+ {[%clk 1:30:30]} 51. Kh1 {[%clk 1:30:30]} Rff3 {[%clk
1:30:30]} 52. Rc1 {[%clk 1:30:30]} Rh3+ {[%clk 1:30:30]} 53. Kg2 {[%clk 1:30:30]}
Ne3+ {[%clk 1:30:30]} 54. Kg1 {[%clk 1:30:30]} Rf1+ {[%clk 1:30:30]} 55. Rxf1
{[%clk 1:30:30]} Nxf1 {[%clk 1:30:30]} 56. Kxf1 {[%clk 1:30:30]} g4 {[%clk
1:30:30]} 57. Kg2 {[%clk 1:30:30]} Ra3 {[%clk 1:30:30]} 58. Kf2 {[%clk 1:30:30]}
g3+ {[%clk 1:30:30]} 59. Kg1 {[%clk 1:30:30]} Kh6 {[%clk 1:30:30]} 0-1

[Event "Poznan Chess Festival"]
[Site "chess24.com"]
[Date "2021.08.17"]
[Round "4"]
[White "Czyzewski, Leon"]
[Black "Czarnolewski, Piotr"]
[Result "0-1"]
[Board "30"]
[WhiteElo "1086"]
[WhiteCountry "POL"]
[WhiteFideId "21007314"]
[WhiteEloChange "-2"]
[BlackElo "1562"]
[BlackCountry "POL"]
[BlackFideId "1133489"]
[BlackEloChange "2"]

1. d4 {[%clk 1:30:30]} c5 {[%clk 1:30:30]} 2. d5 {[%clk 1:30:30]} d6 {[%clk
1:30:30]} 3. c4 {[%clk 1:30:30]} g6 {[%clk 1:30:30]} 4. Nf3 {[%clk 1:30:30]} Bg7
{[%clk 1:30:30]} 5. Nc3 {[%clk 1:30:30]} Na6 {[%clk 1:30:30]} 6. e3 {[%clk
1:30:30]} Nc7 {[%clk 1:30:30]} 7. Be2 {[%clk 1:30:30]} Nf6 {[%clk 1:30:30]} 8.
O-O {[%clk 1:30:30]} O-O {[%clk 1:30:30]} 9. Qc2 {[%clk 1:30:30]} Bd7 {[%clk
1:30:30]} 10. b3 {[%clk 1:30:30]} Ng4 {[%clk 1:30:30]} 11. Bb2 {[%clk 1:30:30]}
Ne5 {[%clk 1:30:30]} 12. Nxe5 {[%clk 1:30:30]} dxe5 {[%clk 1:30:30]} 13. Ne4
{[%clk 1:30:30]} b6 {[%clk 1:30:30]} 14. Bf3 {[%clk 1:30:30]} Ne8 {[%clk
1:30:30]} 15. Rfd1 {[%clk 1:30:30]} Nd6 {[%clk 1:30:30]} 16. g3 {[%clk 1:30:30]}
Bf5 {[%clk 1:30:30]} 17. Bg2 {[%clk 1:30:30]} Qd7 {[%clk 1:30:30]} 18. f4 {[%clk
1:30:30]} f6 {[%clk 1:30:30]} 19. Rd2 {[%clk 1:30:30]} a5 {[%clk 1:30:30]} 20. a4
{[%clk 1:30:30]} Rae8 {[%clk 1:30:30]} 21. Rad1 {[%clk 1:30:30]} h6 {[%clk
1:30:30]} 22. Rf2 {[%clk 1:30:30]} Kh7 {[%clk 1:30:30]} 23. Ba1 {[%clk 1:30:30]}
Rd8 {[%clk 1:30:30]} 24. Rfd2 {[%clk 1:30:30]} Rf7 {[%clk 1:30:30]} 25. Bb2
{[%clk 1:30:30]} Rff8 {[%clk 1:30:30]} 26. Ba1 {[%clk 1:30:30]} Qe8 {[%clk
1:30:30]} 27. Bb2 {[%clk 1:30:30]} Kh8 {[%clk 1:30:30]} 28. Ba1 {[%clk 1:30:30]}
g5 {[%clk 1:30:30]} 29. Rf2 {[%clk 1:30:30]} Qg6 {[%clk 1:30:30]} 30. fxg5 {[%clk
1:30:30]} Bxe4 {[%clk 1:30:30]} 31. Bxe4 {[%clk 1:30:30]} Qxe4 {[%clk 1:30:30]}
32. Qxe4 {[%clk 1:30:30]} Nxe4 {[%clk 1:30:30]} 33. Rf5 {[%clk 1:30:30]} hxg5
{[%clk 1:30:30]} 34. h4 {[%clk 1:30:30]} Nxg3 {[%clk 1:30:30]} 35. Rf3 {[%clk
1:30:30]} gxh4 {[%clk 1:30:30]} 36. Rd2 {[%clk 1:30:30]} Bh6 {[%clk 1:30:30]} 37.
Rh2 {[%clk 1:30:30]} Rg8 {[%clk 1:30:30]} 38. Kf2 {[%clk 1:30:30]} Ne4+ {[%clk
1:30:30]} 39. Ke2 {[%clk 1:30:30]} Rg4 {[%clk 1:30:30]} 40. Rfh3 {[%clk 1:30:30]}
Bg5 {[%clk 1:30:30]} 41. Kf3 {[%clk 1:30:30]} f5 {[%clk 1:30:30]} 42. Bxe5+
{[%clk 1:30:30]} Kg8 {[%clk 1:30:30]} 43. Bc7 {[%clk 1:30:30]} Rd7 {[%clk
1:30:30]} 44. Bxb6 {[%clk 1:30:30]} Rb7 {[%clk 1:30:30]} 45. Bxa5 {[%clk
1:30:30]} Rxb3 {[%clk 1:30:30]} 46. Re2 {[%clk 1:30:30]} Ra3 {[%clk 1:30:30]} 47.
Bc7 {[%clk 1:30:30]} Rxa4 {[%clk 1:30:30]} 48. Be5 {[%clk 1:30:30]} Rxc4 {[%clk
1:30:30]} 49. Ra2 {[%clk 1:30:30]} Kf7 {[%clk 1:30:30]} 50. Ra7 {[%clk 1:30:30]}
Rc2 {[%clk 1:30:30]} 51. Rh2 {[%clk 1:30:30]} Rxh2 {[%clk 1:30:30]} 52. Bxh2
{[%clk 1:30:30]} Kg6 {[%clk 1:30:30]} 53. Ra4 {[%clk 1:30:30]} Nd2+ {[%clk
1:30:30]} 54. Ke2 {[%clk 1:30:30]} Rxa4 {[%clk 1:30:30]} 0-1

[Event "Poznan Chess Festival"]
[Site "chess24.com"]
[Date "2021.08.17"]
[Round "4"]
[White "Jaworski, Mateusz"]
[Black "Lakowski, Filip"]
[Result "1/2-1/2"]
[Board "31"]
[WhiteElo "1712"]
[WhiteCountry "POL"]
[WhiteFideId "1141155"]
[WhiteEloChange "-8"]
[BlackElo "1196"]
[BlackCountry "POL"]
[BlackFideId "21826420"]
[BlackEloChange "8"]

1. e4 {[%clk 1:30:30]} g6 {[%clk 1:30:30]} 2. d4 {[%clk 1:30:30]} Bg7 {[%clk
1:30:30]} 3. Nc3 {[%clk 1:30:30]} d6 {[%clk 1:30:30]} 4. Be3 {[%clk 1:30:30]} a6
{[%clk 1:30:30]} 5. Qd2 {[%clk 1:30:30]} b5 {[%clk 1:30:30]} 6. O-O-O {[%clk
1:30:30]} Bb7 {[%clk 1:30:30]} 7. f3 {[%clk 1:30:30]} Nd7 {[%clk 1:30:30]} 8. Kb1
{[%clk 1:30:30]} c5 {[%clk 1:30:30]} 9. dxc5 {[%clk 1:30:30]} Nxc5 {[%clk
1:30:30]} 10. Nge2 {[%clk 1:30:30]} Qc7 {[%clk 1:30:30]} 11. Nf4 {[%clk 1:30:30]}
Nf6 {[%clk 1:30:30]} 12. g4 {[%clk 1:30:30]} b4 {[%clk 1:30:30]} 13. Ncd5 {[%clk
1:30:30]} Nxd5 {[%clk 1:30:30]} 14. Nxd5 {[%clk 1:30:30]} Bxd5 {[%clk 1:30:30]}
15. Qxd5 {[%clk 1:30:30]} O-O {[%clk 1:30:30]} 16. Bd4 {[%clk 1:30:30]} Rfc8
{[%clk 1:30:30]} 17. Bxg7 {[%clk 1:30:30]} Kxg7 {[%clk 1:30:30]} 18. Bc4 {[%clk
1:30:30]} Ne6 {[%clk 1:30:30]} 19. Bd3 {[%clk 1:30:30]} Nf4 {[%clk 1:30:30]} 20.
Qd4+ {[%clk 1:30:30]} f6 {[%clk 1:30:30]} 21. Qe3 {[%clk 1:30:30]} Nxd3 {[%clk
1:30:30]} 22. Qxd3 {[%clk 1:30:30]} Qc4 {[%clk 1:30:30]} 23. Qd2 {[%clk 1:30:30]}
a5 {[%clk 1:30:30]} 24. h4 {[%clk 1:30:30]} a4 {[%clk 1:30:30]} 25. Qd3 {[%clk
1:30:30]} Qxd3 {[%clk 1:30:30]} 26. Rxd3 {[%clk 1:30:30]} Rc5 {[%clk 1:30:30]}
27. c3 {[%clk 1:30:30]} Rb8 {[%clk 1:30:30]} 28. cxb4 {[%clk 1:30:30]} Rxb4
{[%clk 1:30:30]} 29. Rc1 {[%clk 1:30:30]} Rxc1+ {[%clk 1:30:30]} 30. Kxc1 {[%clk
1:30:30]} Rc4+ {[%clk 1:30:30]} 31. Kd2 {[%clk 1:30:30]} Kf7 {[%clk 1:30:30]} 32.
Rd5 {[%clk 1:30:30]} Ke6 {[%clk 1:30:30]} 33. Kd3 {[%clk 1:30:30]} Rc1 {[%clk
1:30:30]} 34. Rd4 {[%clk 1:30:30]} Rf1 {[%clk 1:30:30]} 35. Ke3 {[%clk 1:30:30]}
Rb1 {[%clk 1:30:30]} 36. Rxa4 {[%clk 1:30:30]} Rxb2 {[%clk 1:30:30]} 37. Ra5
{[%clk 1:30:30]} Kd7 {[%clk 1:30:30]} 38. Ra7+ {[%clk 1:30:30]} Kd8 {[%clk
1:30:30]} 39. Kd4 {[%clk 1:30:30]} Rf2 {[%clk 1:30:30]} 40. Ke3 {[%clk 1:30:30]}
Rc2 {[%clk 1:30:30]} 41. a4 {[%clk 1:30:30]} Ke8 {[%clk 1:30:30]} 42. a5 {[%clk
1:30:30]} Kf7 {[%clk 1:30:30]} 43. a6 {[%clk 1:30:30]} Ra2 {[%clk 1:30:30]} 44.
Ra8 {[%clk 1:30:30]} Ke6 {[%clk 1:30:30]} 45. Kd4 {[%clk 1:30:30]} Ra4+ {[%clk
1:30:30]} 46. Ke3 {[%clk 1:30:30]} Ra3+ {[%clk 1:30:30]} 47. Kf4 {[%clk 1:30:30]}
Ra4 {[%clk 1:30:30]} 48. a7 {[%clk 1:30:30]} d5 {[%clk 1:30:30]} 49. Ke3 {[%clk
1:30:30]} d4+ {[%clk 1:30:30]} 50. Kd3 {[%clk 1:30:30]} Ke5 {[%clk 1:30:30]} 51.
Rh8 {[%clk 1:30:30]} Rxa7 {[%clk 1:30:30]} 52. Rxh7 {[%clk 1:30:30]} Kf4 {[%clk
1:30:30]} 53. h5 {[%clk 1:30:30]} g5 {[%clk 1:30:30]} 54. h6 {[%clk 1:30:30]}
Kxf3 {[%clk 1:30:30]} 55. Rg7 {[%clk 1:30:30]} Ra8 {[%clk 1:30:30]} 56. h7 {[%clk
1:30:30]} Rh8 {[%clk 1:30:30]} 57. Rxe7 {[%clk 1:30:30]} Kxg4 {[%clk 1:30:30]}
58. Rf7 {[%clk 1:30:30]} Kh5 {[%clk 1:30:30]} 1/2-1/2

[Event "Poznan Chess Festival"]
[Site "chess24.com"]
[Date "2021.08.17"]
[Round "4"]
[White "Bebenek, Anna"]
[Black "Lakowski, Krzysztof"]
[Result "1/2-1/2"]
[Board "32"]
[WhiteElo "1455"]
[WhiteCountry "POL"]
[WhiteFideId "1143417"]
[WhiteEloChange "-6"]
[BlackElo "1186"]
[BlackCountry "POL"]
[BlackFideId "21826439"]
[BlackEloChange "6"]

1. d4 {[%clk 1:30:30]} g6 {[%clk 1:30:30]} 2. c4 {[%clk 1:30:30]} Bg7 {[%clk
1:30:30]} 3. Nf3 {[%clk 1:30:30]} d6 {[%clk 1:30:30]} 4. Nc3 {[%clk 1:30:30]} a6
{[%clk 1:30:30]} 5. Bf4 {[%clk 1:30:30]} b6 {[%clk 1:30:30]} 6. e3 {[%clk
1:30:30]} Bb7 {[%clk 1:30:30]} 7. Be2 {[%clk 1:30:30]} Nf6 {[%clk 1:30:30]} 8.
Qc2 {[%clk 1:30:30]} Nbd7 {[%clk 1:30:30]} 9. O-O {[%clk 1:30:30]} O-O {[%clk
1:30:30]} 10. Rad1 {[%clk 1:30:30]} Nh5 {[%clk 1:30:30]} 11. Qd3 {[%clk 1:30:30]}
Nxf4 {[%clk 1:30:30]} 12. exf4 {[%clk 1:30:30]} e6 {[%clk 1:30:30]} 13. b4 {[%clk
1:30:30]} Qf6 {[%clk 1:30:30]} 14. g3 {[%clk 1:30:30]} Qf5 {[%clk 1:30:30]} 15.
Nh4 {[%clk 1:30:30]} Qh3 {[%clk 1:30:30]} 16. Bf3 {[%clk 1:30:30]} Bxf3 {[%clk
1:30:30]} 17. Qxf3 {[%clk 1:30:30]} Nf6 {[%clk 1:30:30]} 18. Ne4 {[%clk 1:30:30]}
Ng4 {[%clk 1:30:30]} 19. Qh1 {[%clk 1:30:30]} h6 {[%clk 1:30:30]} 20. f3 {[%clk
1:30:30]} Ne3 {[%clk 1:30:30]} 21. Nf2 {[%clk 1:30:30]} Qxf1+ {[%clk 1:30:30]}
22. Rxf1 {[%clk 1:30:30]} Nxf1 {[%clk 1:30:30]} 23. Kxf1 {[%clk 1:30:30]} Bxd4
{[%clk 1:30:30]} 24. Nd3 {[%clk 1:30:30]} c5 {[%clk 1:30:30]} 25. Qg2 {[%clk
1:30:30]} Bc3 {[%clk 1:30:30]} 26. bxc5 {[%clk 1:30:30]} bxc5 {[%clk 1:30:30]}
27. Qc2 {[%clk 1:30:30]} Bd4 {[%clk 1:30:30]} 28. g4 {[%clk 1:30:30]} Rab8 {[%clk
1:30:30]} 29. Ng2 {[%clk 1:30:30]} Rb6 {[%clk 1:30:30]} 30. h4 {[%clk 1:30:30]}
Rfb8 {[%clk 1:30:30]} 31. h5 {[%clk 1:30:30]} gxh5 {[%clk 1:30:30]} 32. gxh5
{[%clk 1:30:30]} Rb1+ {[%clk 1:30:30]} 33. Nge1 {[%clk 1:30:30]} 1/2-1/2

[Event "Poznan Chess Festival"]
[Site "chess24.com"]
[Date "2021.08.17"]
[Round "4"]
[White "Pieczewska, Gabriela"]
[Black "Zarzycki, Piotr"]
[Result "0-1"]
[Board "34"]
[WhiteElo "1169"]
[WhiteCountry "POL"]
[WhiteFideId "1195158"]
[WhiteEloChange "-4"]
[BlackElo "1410"]
[BlackCountry "POL"]
[BlackFideId "21843520"]
[BlackEloChange "4"]

1. c4 {[%clk 1:30:30]} e5 {[%clk 1:30:30]} 2. Nc3 {[%clk 1:30:30]} Nc6 {[%clk
1:30:30]} 3. g3 {[%clk 1:30:30]} g6 {[%clk 1:30:30]} 4. Bg2 {[%clk 1:30:30]} Bg7
{[%clk 1:30:30]} 5. e3 {[%clk 1:30:30]} d6 {[%clk 1:26:24]} 6. Nge2 {[%clk
1:30:30]} h5 {[%clk 1:26:24]} 7. d4 {[%clk 1:30:30]} h4 {[%clk 1:26:24]} 8. h3
{[%clk 1:30:30]} hxg3 {[%clk 1:26:24]} 9. fxg3 {[%clk 1:30:30]} f5 {[%clk
1:26:24]} 10. Bd2 {[%clk 1:30:30]} exd4 {[%clk 1:26:24]} 11. Bxc6+ {[%clk
1:30:30]} bxc6 {[%clk 1:26:24]} 12. exd4 {[%clk 1:30:30]} Bd7 {[%clk 1:26:24]}
13. Qc2 {[%clk 1:30:30]} Be6 {[%clk 1:26:24]} 14. d5 {[%clk 1:30:30]} cxd5 {[%clk
1:26:24]} 15. cxd5 {[%clk 1:30:30]} Bf7 {[%clk 1:26:24]} 16. O-O-O {[%clk
1:30:30]} Nf6 {[%clk 1:26:24]} 17. Bg5 {[%clk 1:30:30]} Bh6 {[%clk 1:26:24]} 18.
h4 {[%clk 1:30:30]} Bxg5+ {[%clk 1:26:24]} 19. hxg5 {[%clk 1:30:30]} Rxh1 {[%clk
1:26:24]} 20. Rxh1 {[%clk 1:30:30]} Nh5 {[%clk 1:26:24]} 21. Qd2 {[%clk 1:30:30]}
Kf8 {[%clk 1:26:24]} 22. Nd4 {[%clk 1:30:30]} Qd7 {[%clk 1:26:24]} 23. Qg2 {[%clk
1:30:30]} Re8 {[%clk 1:26:24]} 24. Nce2 {[%clk 1:30:30]} Qa4 {[%clk 1:26:24]} 25.
g4 {[%clk 1:30:30]} Qc4+ {[%clk 1:26:24]} 26. Kb1 {[%clk 1:30:30]} Bxd5 {[%clk
1:26:24]} 27. Rc1 {[%clk 1:30:30]} Qd3+ {[%clk 1:26:24]} 0-1

[Event "Poznan Chess Festival"]
[Site "chess24.com"]
[Date "2021.08.17"]
[Round "4"]
[White "Tadych, Szymon"]
[Black "Wojciechowski, Mateusz"]
[Result "1/2-1/2"]
[Board "35"]
[WhiteElo "1396"]
[WhiteCountry "POL"]
[WhiteFideId "21820406"]
[WhiteEloChange "-6"]
[BlackElo "1171"]
[BlackCountry "POL"]
[BlackFideId "21081050"]
[BlackEloChange "6"]

1. e4 {[%clk 1:30:30]} c5 {[%clk 1:30:30]} 2. f4 {[%clk 1:30:30]} d6 {[%clk
1:30:30]} 3. Nf3 {[%clk 1:30:30]} Nc6 {[%clk 1:30:30]} 4. Bb5 {[%clk 1:30:30]}
Bd7 {[%clk 1:30:30]} 5. O-O {[%clk 1:30:30]} a6 {[%clk 1:30:30]} 6. Bxc6 {[%clk
1:30:30]} Bxc6 {[%clk 1:30:30]} 7. Nc3 {[%clk 1:30:30]} Nf6 {[%clk 1:30:30]} 8.
e5 {[%clk 1:30:30]} Nd5 {[%clk 1:30:30]} 9. e6 {[%clk 1:30:30]} fxe6 {[%clk
1:30:30]} 10. Ng5 {[%clk 1:30:30]} Nxc3 {[%clk 1:30:30]} 11. dxc3 {[%clk
1:30:30]} Bd7 {[%clk 1:30:30]} 12. f5 {[%clk 1:30:30]} exf5 {[%clk 1:30:30]} 13.
Qd5 {[%clk 1:30:30]} Qc8 {[%clk 1:30:30]} 14. Qf7+ {[%clk 1:30:30]} Kd8 {[%clk
1:30:30]} 15. Nxh7 {[%clk 1:30:30]} Be8 {[%clk 1:30:30]} 16. Qxf5 {[%clk
1:30:30]} Qxf5 {[%clk 1:30:30]} 17. Rxf5 {[%clk 1:30:30]} Rxh7 {[%clk 1:30:30]}
18. Rxf8 {[%clk 1:30:30]} Kd7 {[%clk 1:30:30]} 19. Bg5 {[%clk 1:30:30]} Rc8
{[%clk 1:30:30]} 20. Re1 {[%clk 1:30:30]} e5 {[%clk 1:30:30]} 21. Rd1 {[%clk
1:30:30]} Ke6 {[%clk 1:30:30]} 22. g4 {[%clk 1:30:30]} Bd7 {[%clk 1:30:30]} 23.
Rf5 {[%clk 1:30:30]} Rhh8 {[%clk 1:30:30]} 24. Kg2 {[%clk 1:30:30]} Rhf8 {[%clk
1:30:30]} 25. Kg3 {[%clk 1:30:30]} 1/2-1/2

[Event "Poznan Chess Festival"]
[Site "chess24.com"]
[Date "2021.08.17"]
[Round "4"]
[White "Pietras, Igor"]
[Black "Nawrocki, Michal"]
[Result "1/2-1/2"]
[Board "36"]
[WhiteElo "1391"]
[WhiteCountry "POL"]
[WhiteFideId "21867186"]
[WhiteEloChange "-6"]
[BlackElo "1165"]
[BlackCountry "POL"]
[BlackFideId "21097933"]
[BlackEloChange "6"]

1. e4 {[%clk 1:30:30]} e6 {[%clk 1:30:30]} 2. d4 {[%clk 1:30:30]} d5 {[%clk
1:30:30]} 3. Nd2 {[%clk 1:30:30]} Nf6 {[%clk 1:30:30]} 4. Bd3 {[%clk 1:30:30]}
dxe4 {[%clk 1:30:30]} 5. Nxe4 {[%clk 1:30:30]} Nxe4 {[%clk 1:30:30]} 6. Bxe4
{[%clk 1:30:30]} Be7 {[%clk 1:30:30]} 7. Nf3 {[%clk 1:30:30]} Nd7 {[%clk
1:30:30]} 8. c4 {[%clk 1:30:30]} Nf6 {[%clk 1:30:30]} 9. Bc2 {[%clk 1:30:30]} O-O
{[%clk 1:30:30]} 10. O-O {[%clk 1:30:30]} c5 {[%clk 1:30:30]} 11. Bg5 {[%clk
1:30:30]} cxd4 {[%clk 1:30:30]} 12. Qd3 {[%clk 1:30:30]} Re8 {[%clk 1:30:30]} 13.
Rad1 {[%clk 1:30:30]} h6 {[%clk 1:30:30]} 14. Bh4 {[%clk 1:30:30]} b5 {[%clk
1:30:30]} 15. cxb5 {[%clk 1:30:30]} Bb7 {[%clk 1:30:30]} 16. Nxd4 {[%clk
1:30:30]} Qd5 {[%clk 1:30:30]} 17. Nf3 {[%clk 1:30:30]} Qxd3 {[%clk 1:30:30]} 18.
Rxd3 {[%clk 1:30:30]} Rac8 {[%clk 1:30:30]} 19. Bb3 {[%clk 1:30:30]} g5 {[%clk
1:30:30]} 20. Bg3 {[%clk 1:30:30]} Ne4 {[%clk 1:30:30]} 1/2-1/2

[Event "Poznan Chess Festival"]
[Site "chess24.com"]
[Date "2021.08.17"]
[Round "4"]
[White "Matloka, Mateusz"]
[Black "Borkowski, Pawel"]
[Result "1-0"]
[Board "37"]
[WhiteElo "1368"]
[WhiteCountry "POL"]
[WhiteFideId "21086346"]
[WhiteEloChange "4"]
[BlackElo "1141"]
[BlackCountry "POL"]
[BlackFideId "21007306"]
[BlackEloChange "-4"]

1. e4 {[%clk 1:30:30]} e5 {[%clk 1:30:30]} 2. Nf3 {[%clk 1:30:30]} Nc6 {[%clk
1:30:30]} 3. Bc4 {[%clk 1:30:30]} Bc5 {[%clk 1:30:30]} 4. c3 {[%clk 1:30:30]} Nf6
{[%clk 1:30:30]} 5. d4 {[%clk 1:30:30]} exd4 {[%clk 1:30:30]} 6. cxd4 {[%clk
1:30:30]} Bb4+ {[%clk 1:30:30]} 7. Nc3 {[%clk 1:30:30]} Nxe4 {[%clk 1:30:30]} 8.
O-O {[%clk 1:30:30]} Bxc3 {[%clk 1:30:30]} 9. d5 {[%clk 1:30:30]} Na5 {[%clk
1:30:30]} 10. bxc3 {[%clk 1:30:30]} Nxc4 {[%clk 1:30:30]} 11. Qd4 {[%clk
1:30:30]} Ncd6 {[%clk 1:30:30]} 12. Qxg7 {[%clk 1:30:30]} Qf6 {[%clk 1:30:30]}
13. Qxf6 {[%clk 1:30:30]} Nxf6 {[%clk 1:30:30]} 14. Re1+ {[%clk 1:30:30]} Kf8
{[%clk 1:30:30]} 15. Bh6+ {[%clk 1:30:30]} Kg8 {[%clk 1:30:30]} 16. Re5 {[%clk
1:30:30]} Nde4 {[%clk 1:30:30]} 17. Nd2 {[%clk 1:30:30]} d6 {[%clk 1:30:30]} 18.
Nxe4 {[%clk 1:30:30]} Nd7 {[%clk 1:30:30]} 19. Rg5# {[%clk 1:30:30]} 1-0